[Event "Titled Tuesday intern op 16th Jan Late"]
[Site "Chess.com INT"]
[Date "2024.01.16"]
[Round "11"]
[White "Al Tarbosh, Ward"]
[Black "Momin, Fayzan"]
[Result "1-0"]
[WhiteElo "2278"]
[BlackElo "1916"]
[PlyCount "119"]
[EventDate "2024.01.16"]
[EventType "swiss (blitz)"]
[EventRounds "11"]
[EventCountry "USA"]
[SourceTitle "CB04_2024"]
[SourceDate "2023.10.16"]
[SourceVersion "1"]
[SourceVersionDate "2023.10.16"]
[SourceQuality "1"]

1. e4 e5 2. Nf3 Nc6 3. Bb5 a6 4. Ba4 Nf6 5. 0-0 d6 6. Re1 Bd7 7. c3 g6 8. d4 Bg7 9. Nbd2 0-0 10. Nf1 exd4 11. cxd4 b5 12. Bb3 Bg4 13. e5 Bxf3 14. gxf3 dxe5 15. dxe5 Qxd1 16. Bxd1 Nd5 17. f4 Nde7 18. Bf3 Rad8 19. Be3 Nd4 20. Bxd4 Rxd4 21. Re4 Rxe4 22. Bxe4 Rd8 23. Rc1 Rd7 24. Ne3 Kf8 25. Rd1 Rxd1+ 26. Nxd1 c6 27. Ne3 Ke8 28. b4 Kd7 29. Kg2 f6 30. exf6 Bxf6 31. Kf3 Bc3 32. Nc2 a5 33. bxa5 Bxa5 34. Ne3 Bc3 35. f5 Bg7 36. fxg6 hxg6 37. h4 c5 38. Ng2 c4 39. Nf4 Bf6 40. Kg4 Bd4 41. f3 c3 42. Nxg6 Nxg6 43. Bxg6 Ke6 44. h5 b4 45. h6 Bh8 46. h7 Ke5 47. f4+ Kd4 48. Kf3 Kc4 49. Bc2 Kd4 50. Ke2 Kd5 51. Kd3 Kc5 52. Bb3 Kb5 53. Ke4 Kc5 54. f5 Kb5 55. Kd5 Ka5 56. Ke6 Kb5 57. f6 Kc5 58. f7 Bg7 59. h8Q Bxh8 60. f8Q+ 1-0

[Event "Titled Tuesday intern op 16th Jan Late"]
[Site "Chess.com INT"]
[Date "2024.01.16"]
[Round "8"]
[White "Balla, Tamas Kristof"]
[Black "Al Tarbosh, Ward"]
[Result "1/2-1/2"]
[WhiteElo "2283"]
[BlackElo "2278"]
[PlyCount "91"]
[EventDate "2024.01.16"]
[EventType "swiss (blitz)"]
[EventRounds "11"]
[EventCountry "USA"]
[SourceTitle "CB04_2024"]
[SourceDate "2023.10.16"]
[SourceVersion "1"]
[SourceVersionDate "2023.10.16"]
[SourceQuality "1"]

1. e4 c5 2. c3 Nf6 3. e5 Nd5 4. d4 cxd4 5. Nf3 d6 6. cxd4 Nc6 7. Bc4 e6 8. 0-0 Be7 9. Qe2 0-0 10. Rd1 Nb6 11. Bd3 Nb4 12. Nc3 Nxd3 13. Qxd3 d5 14. Bf4 Bd7 15. Rac1 Rc8 16. Nb5 Bxb5 17. Qxb5 Qd7 18. Qd3 Rxc1 19. Rxc1 Rc8 20. Rxc8+ Qxc8 21. h3 Qc4 22. Qb1 a5 23. Bg5 Bf8 24. b3 Qe2 25. Be3 h6 26. Bd2 Qb5 27. Qc2 a4 28. Qc7 Qc6 29. Qb8 a3 30. Bb4 Nd7 31. Qa8 Qc1+ 32. Kh2 Qf4+ 33. Kg1 Qc1+ 34. Kh2 Qb2 35. Bd6 Qxa2 36. Qe8 Qxb3 37. Qxd7 a2 38. Qe8 a1Q 39. Qxf8+ Kh7 40. Qxf7 Qc2 41. Ng5+ hxg5 42. Qh5+ Kg8 43. Qe8+ Kh7 44. Qh5+ Kg8 45. Qe8+ Kh7 46. Qh5+ 1/2-1/2

[Event "Titled Tuesday intern op 09th Jan Early"]
[Site "Chess.com INT"]
[Date "2024.01.09"]
[Round "11"]
[White "Al Tarbosh, Ward"]
[Black "Balla, Tamas Kristof"]
[Result "1-0"]
[WhiteElo "2278"]
[BlackElo "2283"]
[PlyCount "83"]
[EventDate "2024.01.09"]
[EventType "swiss (blitz)"]
[EventRounds "11"]
[EventCountry "USA"]
[SourceTitle "CB03_2024"]
[SourceDate "2024.01.17"]
[SourceVersion "1"]
[SourceVersionDate "2024.01.17"]
[SourceQuality "1"]

1. e4 c5 2. Nf3 Nc6 3. d4 cxd4 4. Nxd4 e5 5. Nb5 d6 6. c4 Be7 7. N1c3 a6 8. Na3 f5 9. Bd3 f4 10. Nd5 Nh6 11. Nc2 0-0 12. Bd2 Be6 13. Qe2 Rc8 14. f3 Bh4+ 15. Kd1 Ne7 16. a4 Nxd5 17. cxd5 Bd7 18. Bc3 Qb6 19. a5 Qc5 20. Bb4 Qc7 21. Kd2 Bb5 22. Rhc1 Bxd3 23. Qxd3 Qd7 24. Na3 Be7 25. Rxc8 Rxc8 26. Rc1 Nf7 27. Rxc8+ Qxc8 28. Nc4 Bd8 29. Qc3 Qd7 30. h3 h6 31. b3 Kh7 32. Na3 Kg6 33. Qc4 Kh5 34. Bc3 Nh8 35. b4 Ng6 36. b5 axb5 37. Qxb5 Qc7 38. Qe8 Kg5 39. Nb5 Qb8 40. Qd7 Bf6 41. Qf5+ Kh4 42. Qg4# 1-0

[Event "Titled Tuesday intern op 19th Dec Early"]
[Site "Chess.com INT"]
[Date "2023.12.19"]
[Round "1"]
[White "Al Tarbosh, Ward"]
[Black "Deveci, Huseyin Said"]
[Result "1-0"]
[WhiteElo "2278"]
[BlackElo "2184"]
[PlyCount "97"]
[EventDate "2023.12.19"]
[EventType "swiss (blitz)"]
[EventRounds "11"]
[EventCountry "USA"]
[SourceTitle "CB52_2023"]
[SourceDate "2023.12.27"]
[SourceVersion "1"]
[SourceVersionDate "2023.12.27"]
[SourceQuality "1"]

1. e4 c5 2. Nf3 e6 3. d4 cxd4 4. Nxd4 a6 5. Bd3 Bc5 6. Nb3 Ba7 7. Qe2 Nc6 8. Be3 Nf6 9. Nc3 0-0 10. Bxa7 Rxa7 11. g4 d5 12. e5 Nd7 13. 0-0-0 Ndxe5 14. f4 Nxd3+ 15. Rxd3 b5 16. Rh3 g6 17. g5 e5 18. Rd3 d4 19. Ne4 Bf5 20. Nf6+ Kg7 21. Rd2 exf4 22. Qf2 d3 23. Qxf4 Qc7 24. Qe3 Nb4 25. c3 Nxa2+ 26. Kb1 Nxc3+ 27. bxc3 Qxc3 28. Ka2 Be6 29. Rb1 Bc4 30. Ne4 Qa5+ 31. Kb2 Qc7 32. Qd4+ f6 33. Nxf6 Rd8 34. Qc3 Kf8 35. Rf2 Bf7 36. Nxh7+ Kg8 37. Nf6+ Kf8 38. Nc5 b4 39. Ncd7+ Rxd7 40. Nxd7+ Qxd7 41. Qh8+ Ke7 42. Re1+ Kd6 43. Qe5+ Kc6 44. Qf6+ Kb5 45. Re5+ Ka4 46. Rc5 d2 47. Rf1 d1Q 48. Rxd1 Qxd1 49. Qc6# 1-0

[Event "Titled Tuesday intern op 12th Dec Early"]
[Site "Chess.com INT"]
[Date "2023.12.12"]
[Round "4"]
[White "Al Tarbosh, Ward"]
[Black "Kamsky, Gata"]
[Result "1-0"]
[WhiteElo "2278"]
[BlackElo "2634"]
[PlyCount "123"]
[EventDate "2023.12.12"]
[EventType "swiss (blitz)"]
[EventRounds "11"]
[EventCountry "USA"]
[SourceTitle "CB51_2023"]
[SourceDate "2023.12.20"]
[SourceVersion "1"]
[SourceVersionDate "2023.12.20"]
[SourceQuality "1"]

1. e4 g6 2. d4 Bg7 3. Nc3 d6 4. Be3 a6 5. Qd2 b5 6. h4 h5 7. Nf3 Nf6 8. Ng5 Ng4 9. a4 b4 10. Nd5 a5 11. Bc4 e6 12. f3 Nxe3 13. Nxe3 Qf6 14. 0-0-0 Nc6 15. Bb5 Bd7 16. e5 dxe5 17. dxe5 Qe7 18. Qxd7+ Qxd7 19. Rxd7 Kxd7 20. Rd1+ Ke7 21. Bxc6 Rad8 22. f4 Rxd1+ 23. Kxd1 Rd8+ 24. Ke2 f6 25. Nf3 fxe5 26. fxe5 Bh6 27. Nc4 Rf8 28. Nxa5 Rf4 29. b3 Rg4 30. Kf1 Be3 31. Nc4 Ba7 32. a5 Rf4 33. a6 Rf8 34. Bb7 Kd7 35. Na5 c5 36. Nc6 Bb6 37. a7 Bxa7 38. Nxa7 Kc7 39. Be4 Kb6 40. Nc6 Rf4 41. Bxg6 Kxc6 42. Bxh5 c4 43. bxc4 Rxc4 44. Bg6 Kd7 45. h5 Ke7 46. h6 Kf8 47. Bd3 Rg4 48. Kf2 Kg8 49. g3 Kh8 50. Nh4 Rg5 51. h7 Kg7 52. Kf3 Kh8 53. Kf4 Rg7 54. g4 Rf7+ 55. Kg5 Kg7 56. Be4 Rf2 57. Kh5 Re2 58. Bd3 Rh2 59. g5 Rh1 60. g6 Rh3 61. Kg4 Rh1 62. Nf3 1-0

[Event "Titled Tuesday intern op 12th Dec Early"]
[Site "Chess.com INT"]
[Date "2023.12.12"]
[Round "2"]
[White "Al Tarbosh, Ward"]
[Black "Mitrabha, Guha"]
[Result "0-1"]
[WhiteElo "2278"]
[BlackElo "2508"]
[PlyCount "74"]
[EventDate "2023.12.12"]
[EventType "swiss (blitz)"]
[EventRounds "11"]
[EventCountry "USA"]
[SourceTitle "CB51_2023"]
[SourceDate "2023.12.20"]
[SourceVersion "1"]
[SourceVersionDate "2023.12.20"]
[SourceQuality "1"]

1. Nc3 d5 2. d4 Nf6 3. Nf3 c5 4. e3 cxd4 5. exd4 Nc6 6. Bb5 Bg4 7. 0-0 e6 8. h3 Bh5 9. g4 Bg6 10. Ne5 Rc8 11. f4 Bd6 12. Be3 0-0 13. h4 Be4 14. g5 Nd7 15. Nxe4 dxe4 16. h5 Nb6 17. g6 f5 18. gxh7+ Kxh7 19. c4 Qh4 20. Kg2 Bxe5 21. dxe5 Rfd8 22. Qe2 Nd4 23. Bxd4 Rxd4 24. Rh1 Qxf4 25. Raf1 Qg5+ 26. Kh3 Rd3+ 27. Qxd3 exd3 28. Rhg1 Qe3+ 29. Rg3 Qe2 30. Rfg1 Rc7 31. c5 Nd5 32. Be8 Nf4+ 33. Kh4 Qh2+ 34. Kg5 Nh3+ 35. Rxh3 Qxg1+ 36. Kf4 Qg4+ 37. Ke3 Qxh3+ 0-1

[Event "Titled Tuesday intern op 12th Dec Early"]
[Site "Chess.com INT"]
[Date "2023.12.12"]
[Round "3"]
[White "Xie, Bryan"]
[Black "Al Tarbosh, Ward"]
[Result "0-1"]
[WhiteElo "2303"]
[BlackElo "2278"]
[PlyCount "78"]
[EventDate "2023.12.12"]
[EventType "swiss (blitz)"]
[EventRounds "11"]
[EventCountry "USA"]
[SourceTitle "CB51_2023"]
[SourceDate "2023.12.20"]
[SourceVersion "1"]
[SourceVersionDate "2023.12.20"]
[SourceQuality "1"]

1. e4 e6 2. d4 d5 3. e5 c5 4. c3 Nc6 5. Nf3 Qb6 6. a3 Nh6 7. b4 cxd4 8. cxd4 Nf5 9. Bb2 Bd7 10. Be2 Be7 11. 0-0 0-0 12. Nc3 Ncxd4 13. Nxd4 Qxd4 14. Qxd4 Nxd4 15. Bg4 Nb3 16. Rad1 Rfd8 17. Rd3 a5 18. Nxd5 exd5 19. Bxd7 Rxd7 20. Rxb3 axb4 21. axb4 b5 22. Rc1 h5 23. f4 Ra4 24. Rc8+ Kh7 25. Rb8 d4 26. Kf2 d3 27. Ke1 Rxb4 28. Rxb5 Rxf4 29. Bc3 Re4+ 30. Kd1 Ra7 31. e6 fxe6 32. Rxh5+ Kg6 33. Rh3 Ra2 34. Rg3+ Bg5 35. Rb5 e5 36. Rxe5 Rxe5 37. Bxe5 Rd2+ 38. Ke1 Re2+ 39. Kd1 Rxe5 0-1